00963nam a22002415i 4500001000700000003000900007005001700016008004100033020001800074080001400092080002000106100003300126245016400159260005700323300003400380490002100414650004000435651005500475830002900530852002100559999001900580952012200599173566ES-MaACL20250816234036.0091209s2005 fr |||| | fre d a2-13-053909-2 a394.4(37) a937"-0030/+476"1 aBenoist, Stéphane.914175410aRome, le prince et la cité b: pouvoir impérial et cérémonies publiques (1er siècle aV. - début du IVe siècle apr. J.-C.) / cStéphane Benoist. aParis : bPresses Universitaires de France, c[2005] aIX, 397 p. : bil. ; c22 cm.1 aLe noeud gordien17aRitos y ceremonias-zRoma29141755 4aRoma-xHistoria-y30 a.C.-476 d.C., Imperio.993190 aLe noeud gordien9223569 aES-MaACLjL-1240 c173566d173566 00104070aATENEOMbATENEOMcDEPO2d2009-12-09eDONl0oL-1240p1182145r2023-02-23 00:00:00w2023-02-23yMONOGRAFIA